Minirhizotron observation tubes : methods and applications for measuring rhizosphere dynamics /

Bibliographic Details
Corporate Authors: Soil Science Society of America, Crop Science Society of America, American Society of Agronomy
Other Authors: Taylor, H. M. (Howard M.)
Format: Book
Language:English
Published: Madison, Wis., USA : American Society of Agronomy, 1987.
Series:ASA special publication ; no. 50.
Subjects:

MARC

Tag First Indicator Second Indicator Subfields
LEADER 00000cam a2200000 a 4500
001 in00000014472
005 20151007052225.0
008 871001s1987 wiua b 10000 eng
010 |a  87022974  
020 |a 0891180931 (pbk.) 
035 |a (OCoLC)16872779 
035 |9 AAA6841AM 
040 |a DLC  |c DLC  |d TXA  |d UtOrBLW 
049 |a TXAM  |c [A12607051] 
050 0 0 |a S1  |b .A453 no. 50  |a QK644 
082 0 |a 631 s  |a 581.4/98  |2 19 
245 0 0 |a Minirhizotron observation tubes :  |b methods and applications for measuring rhizosphere dynamics /  |c editor, H.M. Taylor. 
264 1 |a Madison, Wis., USA :  |b American Society of Agronomy,  |c 1987. 
300 |a xiv, 143 pages :  |b illustrations ;  |c 23 cm. 
336 |a text  |b txt  |2 rdacontent 
337 |a unmediated  |b n  |2 rdamedia 
338 |a volume  |b nc  |2 rdacarrier 
490 1 |a ASA special publication ;  |v no. 50 
500 |a "Proceedings of a symposium sponsored by Divisions S-6, S-1, C-2, C-3, and C-5 of the Soil Science Society of America and Crop Science Society of America in New Orleans, LA, 3 Dec. 1986." 
504 |a Includes bibliographies. 
650 0 |a Minirhizotrons  |x Congresses. 
650 0 |a Roots (Botany)  |x Research  |x Congresses. 
650 0 |a Roots (Botany)  |v Congresses. 
650 0 |a Rhizosphere  |x Research  |x Congresses. 
650 0 |a Rhizosphere  |x Congresses. 
700 1 |a Taylor, H. M.  |q (Howard M.) 
710 2 |a Soil Science Society of America. 
710 2 |a Crop Science Society of America. 
710 2 |a American Society of Agronomy. 
830 0 |a ASA special publication ;  |v no. 50. 
999 |a MARS 
999 f f |s 49591df7-100e-30b9-a9ec-61a5d2436ff2  |i 5d28f7fd-d510-350a-ba4a-e6730d5538ca  |t 0 
952 f f |p ric  |a Texas A&M University  |b Rellis Campus  |c Joint Library Facility  |s JLF  |d Remote Storage  |t 0  |e S1 .A453 no.50  |h Library of Congress classification  |i unmediated -- volume  |m A14812607051 
998 f f |a S1 .A453 no.50  |t 0  |l Remote Storage